Polányi Mihály gratuláló levele Szent-Györgyi Alberthez

Elmentve itt :
Bibliográfiai részletek
Szerző: Polányi Mihály
Dokumentumtípus: Kézirat
Megjelent: 1937-10-31
Kulcsszavak:Levelezés - Polányi Mihály - Szent-Györgyi Albert, Nobel-díj - 1937
Online Access:http://misc.bibl.u-szeged.hu/47735
LEADER 00651ntm a2200169 i 4500
001 misc47735
005 20241205144133.0
008 210111s1937 hu o 000 hun d
040 |a SZTE Miscellanea Repozitórium  |b hun 
041 |a hun 
100 1 |a Polányi Mihály 
245 1 0 |a Polányi Mihály gratuláló levele Szent-Györgyi Alberthez  |h [elektronikus dokumentum] /  |c  Polányi Mihály 
260 |c 1937-10-31 
300 |a 1 fol. 
561 |a Szent-Györgyi Albert gratuláló levelek 
695 |a Levelezés - Polányi Mihály - Szent-Györgyi Albert, Nobel-díj - 1937 
856 4 0 |u http://misc.bibl.u-szeged.hu/47735/1/1937_4_090-091.pdf  |z Dokumentum-elérés